Zásady interného riadenia a vedenia tímu v skolách a školských zariadeniach

Zloženie a kompetencie pedagogickej rady. Vedenie zasadnutí pedagogickej rady, zápisnice z rokovania pedagogickej rady a pracovné porady.

Guardado en:
Detalles Bibliográficos
Autor principal: Drotár, Matej
Formato: Capítulo de libro
Lenguaje:eslovaco
Materias:
Etiquetas: Agregar Etiqueta
Sin Etiquetas, Sea el primero en etiquetar este registro!

MARC

LEADER 00000naa a2200000 4500
001 0278784
005 20210929090604.6
041 0 |a slo 
044 |a SK 
245 1 0 |a Zásady interného riadenia a vedenia tímu v skolách a školských zariadeniach  |c Matej Drotár 
520 |a Zloženie a kompetencie pedagogickej rady. Vedenie zasadnutí pedagogickej rady, zápisnice z rokovania pedagogickej rady a pracovné porady. 
610 2 0 |a školstvo 
610 2 0 |a školy 
610 2 0 |a riaditelia 
610 2 0 |a porady pracovné 
610 2 0 |a predpisy 
610 2 0 |a vyhlášky 
610 2 0 |a legislatíva 
100 1 |a Drotár, Matej